Macroeconomía
Saved in:
| 主要作者: | |
|---|---|
| 格式: | 圖書 |
| 語言: | 西班牙语 |
| 出版: |
Ciudad de México
Interamericana
1977
|
| 主題: | |
| 標簽: |
添加標簽
沒有標簽, 成為第一個標記此記錄!
|
MARC
| LEADER | 00000nam a2200000 a 4500 | ||
|---|---|---|---|
| 001 | UCU2558 | ||
| 003 | CL-VaPUC | ||
| 008 | 960426e19770000MX |||||||||||||||||spa|d | ||
| 082 | 0 | 4 | |a 339 |b MAK |2 21 |
| 100 | |a Makin, John H. |e autor |9 358834 | ||
| 245 | 1 | 0 | |a Macroeconomía |
| 300 | |a 407 p | ||
| 942 | |c BK | ||
| 945 | |d 19960426 00:00:00 |a cmena | ||
| 260 | |a Ciudad de México |b Interamericana |c 1977 | ||
| 650 | 0 | |a Análisis macroeconómico |9 358711 | |
| 650 | 0 | |a Teorías económicas |9 270968 | |
| 650 | 0 | |a Economía |9 255568 | |
| 650 | 0 | |a Microeconomía |9 258126 | |
| 650 | 7 | |a RENTA |2 CL-VaPUC |9 358792 | |
| 650 | 0 | |a Consumismo |9 358836 | |
| 650 | 0 | |a Capital |9 263726 | |
| 650 | 7 | |a MERCADO FINANCIERO |2 CL-VaPUC |9 320731 | |
| 650 | 0 | |a Moneda |9 342365 | |
| 650 | 0 | |a Oferta y demanda |9 255571 | |
| 650 | 0 | |a Trabajo y empleo |9 315054 | |
| 650 | 0 | |a Política económica |9 255029 | |
| 650 | 0 | |a Desarrollo económico y social |9 256320 | |
| 583 | |a last modification |c 19960426 00:00:00 |k Rodrigo Vera | ||
| 999 | |c 246823 |d 246821 | ||
| 952 | |0 0 |1 0 |4 0 |6 339_000000000000000_MAK_1977 |7 0 |8 A |9 262102 |a BIBENE |b BIBENE |d 2019-11-19 |i 1998625 |o 339 MAK 1977 |p 1998625 |r 2025-01-15 |w 2019-11-19 |y BK |k ICO | ||